Loading...
Trading ogf Indian Agricultural commoidities
| Main Author: | |
|---|---|
| Format: | Printed Book |
| Published: |
New Delhi
Abhijeet Publications
2012
|
| Edition: | 1 |
| LEADER | 00510nam a22001577a 4500 | ||
|---|---|---|---|
| 003 | OSt | ||
| 020 | |a 9789381136393 | ||
| 082 | |a 381.4 |b DEB/TR | ||
| 100 | |a Debasish Chakraborty | ||
| 245 | |a Trading ogf Indian Agricultural commoidities | ||
| 250 | |a 1 | ||
| 260 | |a New Delhi |b Abhijeet Publications |c 2012 | ||
| 300 | |a 168p. | ||
| 942 | |2 ddc |c BK | ||
| 999 | |c 190822 |d 190822 | ||
| 952 | |0 0 |1 0 |2 ddc |4 0 |6 381_400000000000000_DEB_TR |7 0 |8 NFIC |9 197103 |a KAUCBV |b KAUCBV |c CHILD |d 2017-12-15 |g 620.00 |o 381.4 DEB/TR |r 2017-12-15 |w 2017-12-15 |y BK | ||